00887cam a22002411 4500001001300000003000400013005001700017008004100034010001700075035002000092040002500112042001200137050002100149100005400170245017600224260009200400300002300492500001900515500003400534500004000568600002000608999001700628ca 29000180 DLC20260227111121.0890220s1927 pau 000 0 eng  aca 29000180  a(OCoLC)19240029 aDLCcMnHidMnHidDLC apremarc00aCS71b.W22 1927a1 aSeaver, J. Montgomeryq(Jesse Montgomery),d1890-00aWallace genealogical data;bsuggestions for a Wallace family association, a national Wallace family reunion, and a complete Wallace genealogy,cby J. Montgomery Seaver ... aPhiladelphia, Pa.,aWashington, D.C.,bAmerican Historical-Genealogical Society,c1927. a37, [1] p.c33 cm. aCaption title. aText runs parallel with back. aAutographed from type-written copy.30aWallace family. c16489d16489